[Event "5th EuroChamp"]
[Site "?"]
[Date "2004.05.23"]
[Round "8.22"]
[White "Nedev, Trajce"]
[Black "Grunberg, Mihai-Lucian"]
[Result "1/2-1/2"]
[WhiteElo "2489"]
[BlackElo "2401"]
[PlyCount "108"]
[EventDate "2004.??.??"]

1. e4 Nf6 2. e5 Nd5 3. d4 d6 4. Nf3 dxe5 5. Nxe5 c6 6. Be2 Bf5 7. O-O Nd7 8.
Bg4 Bxg4 9. Qxg4 Nxe5 10. dxe5 e6 11. Nd2 h5 12. Qe4 Be7 13. Nf3 a5 14. Bd2 Nb4
15. a3 Qd5 16. Qe3 Nxc2 17. Qb6 Nxa1 18. Qxb7 c5 19. Qb5+ Qd7 20. Qc4 O-O 21.
Rxa1 Rfd8 22. Bc3 Qd3 23. Qa4 c4 24. Re1 Bc5 25. h4 Rdc8 26. Rd1 Qe2 27. Rf1
Rd8 28. Qc6 Rac8 29. Qa6 Ra8 30. Qc6 Rdc8 31. Qd7 Qd3 32. Qa4 Rd8 33. Re1 Ra7
34. Qc6 Qd5 35. Qa4 Bb6 36. Qc2 a4 37. Qc1 Qd3 38. Qg5 Rad7 39. Nd2 Qf5 40.
Qxf5 exf5 41. Nxc4 Bd4 42. Nd6 Bxc3 43. bxc3 Rb8 44. c4 Rc7 45. Rd1 g6 46. Rd5
Rb1+ 47. Kh2 Rb3 48. Ra5 Re7 49. f4 Rxa3 50. Ra8+ Kg7 51. Ne8+ Rxe8 52. Rxe8
Rc3 53. Rc8 a3 54. g3 Rc2+ 1/2-1/2

[Event "5th EuroChamp"]
[Site "?"]
[Date "2004.05.23"]
[Round "8.23"]
[White "Kristjansson, Stefan"]
[Black "Markowski, Tomasz"]
[Result "1-0"]
[WhiteElo "2404"]
[BlackElo "2605"]
[PlyCount "108"]
[EventDate "2004.??.??"]

1. e4 c5 2. Nf3 g6 3. c3 d5 4. exd5 Qxd5 5. d4 Bg7 6. Na3 Nf6 7. Nb5 Na6 8.
dxc5 Qxd1+ 9. Kxd1 O-O 10. c6 bxc6 11. Nbd4 c5 12. Nc6 Re8 13. Bc4 Nc7 14. Be3
Be6 15. Bxe6 Nxe6 16. Kc2 Kf8 17. Rhd1 Rec8 18. Nce5 Ke8 19. h3 Rab8 20. Nc4
Ne4 21. Nfd2 Nf6 22. a4 Nd7 23. Ra3 Nf6 24. Rb3 Rxb3 25. Kxb3 h5 26. Ka3 Rd8
27. Kb3 Nd5 28. Ne4 Rb8+ 29. Kc2 Nxe3+ 30. Nxe3 f5 31. Nd2 Rd8 32. Re1 Nf4 33.
Nb3 Nd3 34. Rd1 Nxf2 35. Rxd8+ Kxd8 36. Nxc5 Bh6 37. Nc4 Kc7 38. b4 h4 39. a5
Kc6 40. Ne5+ Kd5 41. Nxg6 Bg5 42. Nd3 Ne4 43. b5 Nd6 44. b6 axb6 45. a6 Nc8 46.
Nde5 b5 47. Nf3 Be3 48. Kd3 Ba7 49. Nfxh4 e6 50. Nf3 Nd6 51. h4 Kc6 52. h5 Kb6
53. h6 Nf7 54. h7 Kxa6 1-0

[Event "5th EuroChamp"]
[Site "?"]
[Date "2004.05.23"]
[Round "8.25"]
[White "Jonkman, Harmen"]
[Black "Yilmaz, Turhan"]
[Result "0-1"]
[WhiteElo "2421"]
[BlackElo "2311"]
[PlyCount "92"]
[EventDate "2004.??.??"]

1. e4 e5 2. Nf3 Nc6 3. Nc3 Nf6 4. Bb5 Bb4 5. O-O O-O 6. d3 d6 7. Ne2 Ne7 8. c3
Ba5 9. Ng3 Ng6 10. d4 c6 11. Bd3 Re8 12. Bc2 Bb6 13. h3 h6 14. Re1 Be6 15. Be3
Qd7 16. Qd2 Rad8 17. Rad1 Kh7 18. Nf5 Nxe4 19. Bxe4 Bxf5 20. Bxf5 Qxf5 21. dxe5
dxe5 22. Qe2 e4 23. Rxd8 Rxd8 24. Nd2 Bc7 25. Qg4 Qxg4 26. hxg4 Ne5 27. Bf4
Nxg4 28. Bxc7 Rxd2 29. Rxe4 Rxf2 30. Be5 Nxe5 31. Rxe5 Rxb2 32. a4 Kg6 33. Re7
Kf6 34. Rd7 h5 35. a5 a6 36. c4 h4 37. Rd3 g5 38. Kh2 g4 39. Kg1 g3 40. Kf1
Rf2+ 41. Kg1 Ra2 42. Kf1 Rxa5 43. Rb3 Ra1+ 44. Ke2 Ra2+ 45. Kf1 b5 46. Rd3 Rf2+
0-1

[Event "5th EuroChamp"]
[Site "?"]
[Date "2004.05.23"]
[Round "8.26"]
[White "Bayram, Yakup"]
[Black "Neubauer, Martin"]
[Result "0-1"]
[WhiteElo "2292"]
[BlackElo "2418"]
[PlyCount "111"]
[EventDate "2004.??.??"]

1. Nf3 Nf6 2. g3 d5 3. Bg2 Bf5 4. O-O e6 5. c4 c6 6. Qb3 Qb6 7. d3 Nbd7 8. Nc3
h6 9. Be3 Qxb3 10. axb3 a6 11. Nd4 Bh7 12. cxd5 exd5 13. Bd2 Bc5 14. Nc2 O-O
15. b4 Ba7 16. Na4 Rfe8 17. Be3 Bxe3 18. fxe3 Re7 19. Nc5 Nxc5 20. bxc5 Ng4 21.
Rf3 Rae8 22. Bh3 Nxe3 23. Nd4 Bg6 24. Re1 Kh7 25. Kf2 Bh5 26. Rf4 g5 27. Rf6
Bg4 28. Bf1 Kg7 29. Rd6 Bc8 30. Kg1 h5 31. Bg2 Nf5 32. Nxf5+ Bxf5 33. e4 dxe4
34. d4 Bg6 35. d5 cxd5 36. Rxd5 Re5 37. Red1 Kh6 38. Kf2 f5 39. Ke3 Rxd5 40.
Rxd5 Rf8 41. Rd7 Rf7 42. Rxf7 Bxf7 43. b4 Bc4 44. h3 Bd3 45. h4 Kg6 46. Bh3 Kf6
47. Kd4 Be2 48. Bg2 Bf3 49. hxg5+ Kxg5 50. Bf1 f4 51. c6 bxc6 52. gxf4+ Kxf4
53. Bxa6 e3 54. Kd3 h4 55. Bc8 Bg2 56. Bb7 0-1

[Event "5th EuroChamp"]
[Site "?"]
[Date "2004.05.23"]
[Round "8.27"]
[White "Mazi, Leon"]
[Black "Erturan, Yakup"]
[Result "1/2-1/2"]
[WhiteElo "2417"]
[BlackElo "2273"]
[PlyCount "91"]
[EventDate "2004.??.??"]

1. e4 c5 2. Nf3 d6 3. d4 cxd4 4. Nxd4 Nf6 5. Nc3 a6 6. Bg5 e6 7. Qf3 Nbd7 8.
O-O-O Qc7 9. Qg3 Be7 10. h4 O-O 11. Kb1 b5 12. f3 b4 13. Nce2 Nb6 14. h5 e5 15.
Bh6 Ne8 16. Bxg7 Nxg7 17. h6 Bf6 18. hxg7 Bxg7 19. Nf5 Bxf5 20. exf5 Rfc8 21.
Rc1 Nd5 22. f6 Nxf6 23. Qg5 Qc4 24. Ng3 h6 25. Qh4 Qxh4 26. Rxh4 a5 27. Nf5 Rd8
28. Bd3 d5 29. Rch1 h5 30. Ng3 Re8 31. Nxh5 Nxh5 32. Rxh5 e4 33. Bb5 Re5 34.
Rxe5 Bxe5 35. fxe4 dxe4 36. Bc6 Rb8 37. Bxe4 a4 38. Rf1 a3 39. bxa3 bxa3+ 40.
Kc1 Rb4 41. Bd3 Bf4+ 42. Kd1 Rb1+ 43. Ke2 Rxf1 44. Kxf1 Kf8 45. Ke2 Ke7 46. Bc4
1/2-1/2

[Event "5th EuroChamp"]
[Site "?"]
[Date "2004.05.23"]
[Round "8.30"]
[White "Makolli, Perparim"]
[Black "Atakisi, Umut"]
[Result "0-1"]
[WhiteElo "2228"]
[BlackElo "2344"]
[PlyCount "98"]
[EventDate "2004.??.??"]

1. e4 c5 2. Nf3 Nc6 3. d4 cxd4 4. Nxd4 Nf6 5. Nc3 e5 6. Ndb5 d6 7. Bg5 a6 8.
Na3 b5 9. Bxf6 gxf6 10. Nd5 Bg7 11. Bd3 Ne7 12. Nxe7 Qxe7 13. c3 f5 14. O-O O-O
15. Nc2 f4 16. Nb4 Qg5 17. Kh1 Kh8 18. Rg1 Bb7 19. g4 fxg3 20. Rxg3 Qh4 21. f3
Bh6 22. Qe2 Bf4 23. Rg2 Bc8 24. Nd5 Bh3 25. Nxf4 Qxf4 26. Rg3 Be6 27. a3 Rg8
28. Rag1 Rg6 29. c4 bxc4 30. Bxc4 Rxg3 31. hxg3 Bxc4 32. Qxc4 Qxf3+ 33. Kh2 Rg8
34. Rg2 Rg6 35. Qe2 Rxg3 36. Qxf3 Rxf3 37. Re2 Kg7 38. Kg2 Rd3 39. Rc2 a5 40.
Rc6 f5 41. Ra6 fxe4 42. Rxa5 Rd2+ 43. Kg3 Rxb2 44. Rd5 Rb6 45. Kf2 Kf6 46. Ke3
Ke6 47. Kxe4 Rb3 48. Ra5 h5 49. Rd5 Re3+ 0-1

[Event "5th EuroChamp"]
[Site "?"]
[Date "2004.05.23"]
[Round "8.33"]
[White "Esen, Baris"]
[Black "Aleskerov, Faik"]
[Result "1/2-1/2"]
[WhiteElo "2262"]
[BlackElo "2167"]
[PlyCount "56"]
[EventDate "2004.??.??"]

1. Nf3 Nf6 2. c4 e6 3. Nc3 d5 4. d4 Nbd7 5. Bg5 c6 6. e3 Qa5 7. cxd5 exd5 8.
Bd3 Ne4 9. O-O Ndf6 10. Bxf6 Nxf6 11. e4 dxe4 12. Nxe4 Nxe4 13. Bxe4 Be6 14.
Qc2 Bd6 15. Rfe1 O-O-O 16. a3 Bd5 17. b4 Bxe4 18. Qxe4 Qd5 19. Qxd5 cxd5 20.
Rac1+ Kb8 21. Ne5 Rhf8 22. g3 f6 23. Ng4 Rf7 24. Kf1 h5 25. Ne3 Bf8 26. Nxd5 a5
27. Nf4 axb4 28. Ne6 Rd5 1/2-1/2

[Event "5th EuroChamp"]
[Site "?"]
[Date "2004.05.23"]
[Round "8.34"]
[White "Bakalarz, Mieczyslaw"]
[Black "Erdogan, Hakan"]
[Result "1/2-1/2"]
[WhiteElo "2333"]
[BlackElo "2252"]
[PlyCount "107"]
[EventDate "2004.??.??"]

1. e4 c5 2. Nc3 Nc6 3. f4 g6 4. Nf3 Bg7 5. Bb5 Nd4 6. a4 Nxb5 7. axb5 d6 8. O-O
Bg4 9. h3 Bd4+ 10. Kh2 h5 11. Ne2 Bg7 12. hxg4 hxg4+ 13. Kg1 gxf3 14. Rxf3 c4
15. d4 Qb6 16. f5 Nf6 17. Ng3 Qxb5 18. Qe2 Nh5 19. c3 a6 20. b4 b6 21. Nf1 Nf6
22. Bg5 Rh5 23. Bxf6 Bxf6 24. Ne3 Rc8 25. Raf1 Kd7 26. Rh3 Rxh3 27. gxh3 gxf5
28. Rxf5 Rg8+ 29. Kh2 Qc6 30. Ng4 Rg6 31. Qf3 Qa4 32. e5 dxe5 33. dxe5 Bh4 34.
Qb7+ Ke6 35. Qc8+ Qd7 36. Qxd7+ Kxd7 37. Rxf7 Be1 38. Rf3 a5 39. bxa5 bxa5 40.
Rf1 Bxc3 41. Rc1 Rxg4 42. hxg4 Bxe5+ 43. Kg2 a4 44. Rxc4 a3 45. Ra4 Bb2 46. Kf3
Kc6 47. Ke4 Kb5 48. Ra8 Kc4 49. Ra7 Kb3 50. Kd3 a2 51. Rb7+ Ka3 52. Ra7+ Kb3
53. Rb7+ Ka3 54. Ra7+ 1/2-1/2

[Event "5th EuroChamp"]
[Site "?"]
[Date "2004.05.23"]
[Round "8.35"]
[White "Bente, Bjoern"]
[Black "Kose, Serkan"]
[Result "1-0"]
[WhiteElo "2219"]
[BlackElo "2244"]
[PlyCount "143"]
[EventDate "2004.??.??"]

1. d4 d5 2. Nf3 Nf6 3. e3 e6 4. Bd3 c5 5. c3 Nc6 6. O-O Bd6 7. Nbd2 O-O 8. dxc5
Bxc5 9. e4 Qc7 10. Qe2 h6 11. Bc2 b6 12. h3 a5 13. exd5 exd5 14. Nb3 Re8 15.
Qd1 Bb7 16. Nbd4 Nxd4 17. Nxd4 Ne4 18. Be3 Re7 19. Qg4 Bc8 20. Qf3 Bd7 21. Rfd1
Qe5 22. Bf4 Qf6 23. Bb3 Be6 24. Rd3 a4 25. Bc2 Bd7 26. Be3 Qg6 27. Ne2 Bc6 28.
Nf4 Qf6 29. Bxc5 bxc5 30. Nxd5 Bxd5 31. Rxd5 Qxf3 32. gxf3 Ng5 33. Rad1 Nxf3+
34. Kf1 Kf8 35. Rd8+ Re8 36. Rxa8 Rxa8 37. Be4 Rb8 38. Bxf3 Rxb2 39. Bd5 Rc2
40. Rd3 f6 41. Re3 Rc1+ 42. Ke2 Rc2+ 43. Kf3 g5 44. a3 f5 45. Bc6 f4 46. Rd3 c4
47. Rd8+ Ke7 48. Ra8 Rxc3+ 49. Kg4 Kd6 50. Be8 Rxa3 51. Rxa4 Rc3 52. Ra6+ Ke5
53. Bg6 Rc1 54. Bh7 c3 55. Rxh6 c2 56. Kf3 Kd4 57. Rh5 Kc3 58. Rxg5 Rh1 59.
Bxc2 Kxc2 60. Kxf4 Rxh3 61. Ke4 Rh1 62. Rc5+ Kd2 63. f4 Re1+ 64. Kd4 Ra1 65. f5
Ra4+ 66. Ke5 Ke3 67. Rc3+ Kd2 68. Rb3 Ra5+ 69. Kf6 Ra6+ 70. Kg7 Ra7+ 71. Kg6
Ra6+ 72. f6 1-0

[Event "5th EuroChamp"]
[Site "?"]
[Date "2004.05.23"]
[Round "8.36"]
[White "Goksel, Doga Cihan"]
[Black "Mamedjarova, Turkan"]
[Result "1/2-1/2"]
[WhiteElo "2130"]
[BlackElo "2191"]
[PlyCount "75"]
[EventDate "2004.??.??"]

1. Nf3 d5 2. d4 Bf5 3. c4 e6 4. Nc3 c6 5. Qb3 Qb6 6. c5 Qc7 7. Bf4 Qc8 8. e3
Nf6 9. h3 Be7 10. Be2 O-O 11. O-O Nbd7 12. Qd1 Ne4 13. Rc1 Re8 14. Bd3 Nxc3 15.
Rxc3 Bd8 16. Bxf5 exf5 17. Qd3 Nf6 18. b4 Ne4 19. Rb3 g5 20. Bh2 g4 21. hxg4
fxg4 22. Nd2 Bc7 23. Nxe4 dxe4 24. Qe2 f5 25. Bxc7 Qxc7 26. g3 a6 27. Kg2 Qf7
28. Rh1 Qd5 29. Rbb1 Kh8 30. Rh5 Rg8 31. Rbh1 Rg7 32. Rh6 Rd8 33. R1h5 Rf7 34.
Qb2 Kg8 35. Qa1 Rdd7 36. Qb2 Rd8 37. Qb1 Rdd7 38. Qb2 1/2-1/2

[Event "5th European Individual Chess "]
[Site "Justiniano Hotel Belek, Turke"]
[Date "2004.05.24"]
[Round "9.7"]
[White "Kempinski , Robert"]
[Black "Sargissian , Gabriel"]
[Result "1-0"]
[WhiteElo "2586"]
[BlackElo "2614"]
[PlyCount "140"]
[EventDate "2004.??.??"]

1. d4 Nf6 2. c4 e6 3. Nf3 d5 4. e3 a6 5. Nbd2 c5 6. cxd5 exd5 7. b3 Nc6 8. Bb2
Bd6 9. dxc5 Bxc5 10. Bd3 Ba7 11. O-O Bg4 12. Rc1 Rc8 13. h3 Bh5 14. Ba3 Qa5 15.
Nb1 Rd8 16. Qd2 Qc7 17. Nd4 Bg6 18. Qe2 Bb8 19. f4 Bxd3 20. Qxd3 Ba7 21. Nf5 g6
22. Qc3 d4 23. Nxd4 Nd5 24. Qd3 Bxd4 25. exd4 f5 26. Nc3 Kf7 27. Qc4 Qd7 28.
Na4 Na5 29. Qc5 Qb5 30. Rfe1 Rhe8 31. Rxe8 Rxe8 32. Qd6 Nc6 33. Rc5 Re1+ 34.
Kh2 Qf1 35. Qxd5+ Kg7 36. Rc3 Qxf4+ 37. Rg3 Qf1 38. Rf3 Qg1+ 39. Kg3 Re2 40.
Rf4 Re3+ 41. Rf3 Re2 42. Rc3 f4+ 43. Kxf4 Qf2+ 44. Rf3 Qh4+ 45. g4 Qe1 46. Bf8+
Kxf8 47. Kg5+ Ke8 48. Qg8+ Kd7 49. Nb6+ Kc7 50. Nd5+ Kd7 51. Rf7+ Ne7 52. Kh6
Qd2+ 53. Kxh7 Qd3 54. Nxe7 Qxh3+ 55. Kg7 Rxe7 56. Rxe7+ Kxe7 57. Qf7+ Kd8 58.
Qxg6 Qg2 59. a4 Qg3 60. Qf6+ Kc8 61. Qf5+ Kd8 62. Qd5+ Kc8 63. g5 b5 64. axb5
axb5 65. Qxb5 Qc7+ 66. Kg6 Qd6+ 67. Kf5 Qh2 68. Qc5+ Kd7 69. Qd5+ Kc8 70. Kg6
Qg3 1-0

[Event "5th European Individual Chess "]
[Site "Justiniano Hotel Belek, Turke"]
[Date "2004.05.24"]
[Round "9.10"]
[White "Anastasian,  Ashot"]
[Black "Parligras , Mircea"]
[Result "0-1"]
[WhiteElo "2587"]
[BlackElo "2549"]
[PlyCount "77"]
[EventDate "2004.??.??"]

1. d4 Nf6 2. c4 e6 3. Nc3 Bb4 4. Qc2 d5 5. cxd5 Qxd5 6. Nf3 Qf5 7. Qb3 c5 8.
Bd2 Nc6 9. a3 Bxc3 10. Bxc3 Ne4 11. Qc4 cxd4 12. Bxd4 e5 13. Be3 Be6 14. Qa4
Nf6 15. h3 Bd5 16. g4 Qe4 17. Qxe4 Bxe4 18. Bg2 Nd5 19. Bd2 Nd4 20. Nxd4 Bxg2
21. Rg1 Be4 22. Nf5 Bxf5 23. gxf5 g6 24. e4 Nf6 25. f3 gxf5 26. exf5 Nd5 27.
Rc1 Ke7 28. Ke2 Rhg8 29. Bg5+ Kd6 30. Kd3 Rac8 31. h4 Rxc1 32. Rxc1 f6 33. Ke4
fxg5 34. Rd1 gxh4 35. Rxd5+ Ke7 36. Kxe5 Rg2 37. f6+ Ke8 38. b4 Rg5+ 39. Kd4
0-1

[Event "5th European Individual Chess "]
[Site "Justiniano Hotel Belek, Turke"]
[Date "2004.05.24"]
[Round "9.13"]
[White "Milov, Vadim"]
[Black "Guseinov, Gadir"]
[Result "1/2-1/2"]
[WhiteElo "2680"]
[BlackElo "2548"]
[PlyCount "40"]
[EventDate "2004.??.??"]

1. d4 d6 2. e4 Nf6 3. Nc3 e5 4. dxe5 dxe5 5. Qxd8+ Kxd8 6. Bg5 c6 7. O-O-O+
Nbd7 8. Nf3 Ke8 9. Nd2 Nb6 10. f3 Be6 11. Nb3 a5 12. Kb1 Nfd7 13. a3 f6 14. Bh4
Nc5 15. Bf2 Ncd7 16. g3 a4 17. Nc1 Bc5 18. Bxc5 Nxc5 19. Nd3 Nxd3 20. Bxd3 Ke7
1/2-1/2

[Event "5th European Individual Chess "]
[Site "Justiniano Hotel Belek, Turke"]
[Date "2004.05.24"]
[Round "9.14"]
[White "Minasian, Artashes"]
[Black "Iljushin, Alexei"]
[Result "0-1"]
[WhiteElo "2585"]
[BlackElo "2529"]
[PlyCount "104"]
[EventDate "2004.??.??"]

1. Nf3 c5 2. g3 Nc6 3. Bg2 e5 4. O-O g6 5. c4 Bg7 6. d3 Nge7 7. Nc3 d6 8. a3
O-O 9. Rb1 a5 10. Bg5 f6 11. Bd2 Rb8 12. Ne1 Be6 13. Nc2 d5 14. cxd5 Nxd5 15.
Ne3 Nde7 16. Ne4 b6 17. b4 axb4 18. axb4 cxb4 19. Bxb4 Nxb4 20. Rxb4 h6 21. Qb1
f5 22. Nd2 e4 23. Rd1 Nc6 24. Ra4 Nd4 25. Re1 Qd7 26. Rb4 Ra8 27. dxe4 f4 28.
Nd5 fxg3 29. hxg3 Nxe2+ 30. Rxe2 Ra1 31. Qxa1 Bxa1 32. Nf1 b5 33. Rd2 Bxd5 34.
Rxd5 Qa7 35. Ne3 Bc3 36. Rbxb5 Be1 37. Kh2 Bxf2 38. Nf1 g5 39. Kh1 Bd4 40. Rb1
Qg7 41. Rd1 Be5 42. R1d3 h5 43. Rd7 Rf7 44. Bh3 Rxd7 45. Bxd7 Qf6 46. Kg2 Qa6
47. Rd2 Qc4 48. Bh3 Qxe4+ 49. Kh2 h4 50. Be6+ Kg7 51. Bd5 hxg3+ 52. Kh3 g2 0-1

[Event "5th European Individual Chess "]
[Site "Justiniano Hotel Belek, Turke"]
[Date "2004.05.24"]
[Round "9.15"]
[White "Akesson, Ralf"]
[Black "Cheparinov, Ivan"]
[Result "1-0"]
[WhiteElo "2476"]
[BlackElo "2555"]
[PlyCount "95"]
[EventDate "2004.??.??"]

1. Nf3 c5 2. c4 Nf6 3. Nc3 Nc6 4. d4 cxd4 5. Nxd4 e6 6. a3 Bc5 7. Nb3 Be7 8. e4
d6 9. Be2 b6 10. O-O Bb7 11. Be3 O-O 12. f4 Rc8 13. Bf3 Nb8 14. Qd3 Qc7 15. Nd2
Nbd7 16. Rac1 a6 17. b4 Rfe8 18. g4 Nf8 19. g5 N6d7 20. h4 Qb8 21. Bg2 Qa8 22.
Rc2 Bc6 23. Nb3 Bb7 24. Rfc1 Ng6 25. h5 Nh4 26. Bh1 f6 27. Rh2 fxg5 28. fxg5
Ne5 29. Qe2 Nf5 30. Bf4 Bxg5 31. Bxg5 Ng3 32. Qg2 Nxh1 33. Bf6 Rc7 34. Bxe5
dxe5 35. c5 Rf8 36. Rxh1 Rf4 37. cxb6 Rxc3 38. Rxc3 Bxe4 39. Qg5 Bxh1 40. Rc7
Qf8 41. Nd2 h6 42. Qxe5 Bd5 43. Rc3 Rh4 44. Nf3 Bxf3 45. Qxe6+ Kh7 46. Rc8 Rh1+
47. Kf2 Bb7+ 48. Rxf8 1-0

[Event "5th European Individual Chess "]
[Site "Justiniano Hotel Belek, Turke"]
[Date "2004.05.24"]
[Round "9.17"]
[White "Stefansson, Hannes"]
[Black "Pashikian, Arman"]
[Result "1-0"]
[WhiteElo "2567"]
[BlackElo "2466"]
[PlyCount "83"]
[EventDate "2004.??.??"]

1. d4 d5 2. c4 e6 3. Nc3 c5 4. cxd5 exd5 5. Nf3 Nc6 6. g3 Nf6 7. Bg2 Be7 8. O-O
O-O 9. Bg5 cxd4 10. Nxd4 h6 11. Be3 Re8 12. Qc2 Bg4 13. h3 Be6 14. Rad1 Qc8 15.
Kh2 Bf8 16. Nxe6 fxe6 17. f4 Kh8 18. Bg1 Bb4 19. a3 Bxc3 20. Qxc3 e5 21. e3 Qe6
22. Qb3 Rad8 23. g4 Na5 24. Qc2 Nc4 25. g5 hxg5 26. fxg5 Nh7 27. b3 Nxa3 28.
Qc5 Qe7 29. Qxe7 Rxe7 30. h4 e4 31. Rf5 Red7 32. Bh3 Nb5 33. Re5 Rd6 34. Re7
Rb6 35. Kh1 Nf8 36. h5 Nh7 37. g6 Nf6 38. Bh2 Nc3 39. Rf1 Nxh5 40. Rf5 Nf6 41.
Bc7 Ne2 42. Rf2 1-0

[Event "5th European Individual Chess "]
[Site "Justiniano Hotel Belek, Turke"]
[Date "2004.05.24"]
[Round "9.19"]
[White "Halkias, Stelios"]
[Black "Kristjansson, Stefan"]
[Result "1-0"]
[WhiteElo "2541"]
[BlackElo "2404"]
[PlyCount "78"]
[EventDate "2004.??.??"]

1. d4 d6 2. Nf3 Bg4 3. c4 Nd7 4. Qb3 Rb8 5. Be3 c6 6. Nc3 Bxf3 7. exf3 g6 8. h4
h5 9. g4 Bg7 10. O-O-O Qa5 11. g5 b5 12. cxb5 d5 13. Bh3 e6 14. Bf4 Rb7 15.
Rhe1 Ne7 16. Bd6 Qd8 17. Qc2 Nb8 18. Bc5 cxb5 19. Rxe6 fxe6 20. Bxe6 Nd7 21.
Nxd5 Nf8 22. Nxe7 Rxe7 23. Bb3 Qc7 24. Kb1 Qd7 25. Bxe7 Kxe7 26. Qe4+ Kd8 27.
Qa8+ Qc8 28. Qxa7 Nd7 29. Rc1 Qb8 30. Qa5+ Qb6 31. Qa8+ Qb8 32. Qc6 Re8 33. Be6
Re7 34. d5 Be5 35. Bxd7 Rxd7 36. Qxg6 Bg7 37. Re1 Qd6 38. Qe8+ Kc7 39. Rc1+ Kb6
1-0

[Event "5th European Individual Chess "]
[Site "Justiniano Hotel Belek, Turke"]
[Date "2004.05.24"]
[Round "9.20"]
[White "Neubauer, Martin"]
[Black "Petrosian, Tigran L"]
[Result "0-1"]
[WhiteElo "2418"]
[BlackElo "2539"]
[PlyCount "66"]
[EventDate "2004.??.??"]

1. e4 e5 2. Nf3 Nf6 3. d4 Nxe4 4. Bd3 d5 5. Nxe5 Nd7 6. Nxd7 Bxd7 7. O-O Bd6 8.
c4 c6 9. cxd5 cxd5 10. Nc3 Nxc3 11. bxc3 O-O 12. Qh5 f5 13. Re1 Qc7 14. Bd2 Kh8
15. g3 Rf6 16. Re2 Raf8 17. Rae1 Rg6 18. Qf3 Rg4 19. Kf1 Re4 20. Rc1 b5 21.
Ree1 Qc8 22. Bf4 Bxf4 23. gxf4 Qc7 24. Qg3 h6 25. Bxe4 fxe4 26. a4 Rxf4 27.
axb5 Qc4+ 28. Re2 Rf3 29. Qb8+ Kh7 30. Qxa7 e3 31. Qxd7 Rxf2+ 32. Kg1 Qxe2 33.
Qg4 Qxg4+ 0-1

[Event "5th European Individual Chess "]
[Site "Justiniano Hotel Belek, Turke"]
[Date "2004.05.24"]
[Round "9.22"]
[White "Erdogdu , Mert"]
[Black "Radulski , Julian"]
[Result "1/2-1/2"]
[WhiteElo "2369"]
[BlackElo "2497"]
[PlyCount "99"]
[EventDate "2004.??.??"]

1. e4 c5 2. Nf3 Nc6 3. d4 cxd4 4. Nxd4 e5 5. Nb5 a6 6. Nd6+ Bxd6 7. Qxd6 Qf6 8.
Qxf6 Nxf6 9. Nc3 h6 10. Be3 d6 11. O-O-O Ke7 12. Nd5+ Nxd5 13. exd5 Nb8 14. c4
Bf5 15. Bd3 Bxd3 16. Rxd3 Rc8 17. Rc3 Nd7 18. Kd2 b5 19. b3 b4 20. Rc2 a5 21.
a4 f5 22. f4 exf4 23. Bxf4 Nc5 24. Re1+ Kd7 25. Rb2 Re8 26. Be3 Ne4+ 27. Kc2
Re7 28. Bd4 Rae8 29. Rbb1 g5 30. Re2 Nc5 31. Rxe7+ Rxe7 32. Bxc5 dxc5 33. Kd2
Re4 34. Re1 Rh4 35. h3 g4 36. Rh1 f4 37. Ke2 Rh5 38. Kf2 g3+ 39. Kf3 Re5 40.
Kxf4 Re2 41. Rb1 Rxg2 42. Kf3 Rd2 43. Kxg3 Rd3+ 44. Kf4 Rxh3 45. Rg1 Rxb3 46.
Rg7+ Kd6 47. Rg6+ Kd7 48. Rg7+ Kd6 49. Rg6+ Kd7 50. Ke4 1/2-1/2

[Event "5th European Individual Chess "]
[Site "Justiniano Hotel Belek, Turke"]
[Date "2004.05.24"]
[Round "9.23"]
[White "Yilmaz , Turhan"]
[Black "Mastrovasilis , Athanasios"]
[Result "0-1"]
[WhiteElo "2311"]
[BlackElo "2488"]
[PlyCount "70"]
[EventDate "2004.??.??"]

1. e4 c5 2. Nc3 e6 3. g3 Nc6 4. Bg2 g6 5. d3 Bg7 6. Be3 d6 7. Qd2 Rb8 8. Nge2
Nd4 9. Nc1 Ne7 10. Nd1 e5 11. h3 O-O 12. c3 Ne6 13. Bh6 f5 14. Bxg7 Kxg7 15. h4
f4 16. Nb3 Nc6 17. Rc1 b5 18. Rc2 a5 19. Nc1 b4 20. Bh3 a4 21. Qe2 Ned4 22.
cxd4 Nxd4 23. Bxc8 Qxc8 24. gxf4 exf4 25. f3 Nxe2 26. Nxe2 Qe6 27. Rc4 Rbc8 28.
a3 d5 29. Rc1 c4 30. axb4 cxd3 31. Rxc8 Rxc8 32. Nec3 dxe4 33. Nxe4 Rc2 34. O-O
Qh3 35. Ndf2 Qxf3 0-1

[Event "5th European Individual Chess "]
[Site "Justiniano Hotel Belek, Turke"]
[Date "2004.05.24"]
[Round "9.24"]
[White "Van Der Stricht, Geert"]
[Black "Erturan, Yakup"]
[Result "1/2-1/2"]
[WhiteElo "2450"]
[BlackElo "2273"]
[PlyCount "75"]
[EventDate "2004.??.??"]

1. d4 Nf6 2. c4 e6 3. Nc3 Bb4 4. e3 O-O 5. Nge2 c5 6. a3 cxd4 7. axb4 dxc3 8.
bxc3 d5 9. Nf4 Qc7 10. cxd5 e5 11. Ne2 Rd8 12. Qb3 Nxd5 13. c4 Nb6 14. c5 Be6
15. Qc2 Na6 16. Rb1 Nd5 17. Bd2 Rac8 18. Nc1 Naxb4 19. Rxb4 Nxb4 20. Bxb4 a5
21. Ba3 Qc6 22. Bd3 h6 23. O-O b5 24. Bh7+ Kh8 25. Be4 Bd5 26. Bxd5 Qxd5 27. e4
Qd4 28. Qb3 b4 29. Bb2 Qxc5 30. Qxf7 Rf8 31. Qh5 a4 32. Nd3 Qc4 33. Nxe5 Qxe4
34. Ng6+ Kh7 35. Nxf8+ Rxf8 36. Qc5 Rf7 37. f3 Qb7 38. Qc2+ 1/2-1/2

[Event "5th European Individual Chess "]
[Site "Justiniano Hotel Belek, Turke"]
[Date "2004.05.24"]
[Round "9.26"]
[White "Atakisi, Umut"]
[Black "Mazi, Leon"]
[Result "1-0"]
[WhiteElo "2344"]
[BlackElo "2417"]
[PlyCount "87"]
[EventDate "2004.??.??"]

1. e4 c5 2. Nf3 d6 3. d4 cxd4 4. Nxd4 Nf6 5. Nc3 a6 6. Bg5 e6 7. f4 Nbd7 8. Qf3
Qc7 9. O-O-O b5 10. Bd3 b4 11. Nd5 exd5 12. exd5 Bb7 13. Rhe1+ Kd8 14. Nc6+
Bxc6 15. dxc6 Nb8 16. Bxf6+ gxf6 17. Be4 h5 18. Bd5 Ra7 19. Qe4 Bg7 20. Qxb4 a5
21. Qc4 f5 22. Re3 Na6 23. Bf3 Kc8 24. Rde1 Rd8 25. Qd5 Nc5 26. Qxf5+ Kb8 27.
Qd5 Qb6 28. c3 Ne6 29. g3 h4 30. Kb1 hxg3 31. hxg3 Rc7 32. Kc2 Ka7 33. f5 Ng5
34. Bg2 Rb8 35. b3 Be5 36. Qd2 f6 37. Rd3 Qc5 38. Rd5 Qa3 39. Kb1 Rb6 40. c4
Ra6 41. Rb5 a4 42. Re3 axb3 43. Rexb3 Qa4 44. Qe3+ 1-0

[Event "5th European Individual Chess "]
[Site "Justiniano Hotel Belek, Turke"]
[Date "2004.05.24"]
[Round "9.29"]
[White "Markowski, Tomasz"]
[Black "Bayram, Yakup"]
[Result "1/2-1/2"]
[WhiteElo "2605"]
[BlackElo "2292"]
[PlyCount "87"]
[EventDate "2004.??.??"]

1. Nf3 Nf6 2. g3 g6 3. Bg2 Bg7 4. O-O O-O 5. d4 d5 6. Nbd2 c6 7. c4 a5 8. b3
Ne4 9. e3 Bf5 10. Bb2 a4 11. Nxe4 Bxe4 12. Ba3 Re8 13. Bh3 c5 14. cxd5 axb3 15.
axb3 Qxd5 16. Nd2 Bd3 17. Re1 cxd4 18. Bg2 Qd7 19. e4 Nc6 20. Nf3 Bb5 21. e5 e6
22. Bd6 Rxa1 23. Qxa1 d3 24. Qc1 f6 25. exf6 Qxd6 26. fxg7 Nd4 27. Nxd4 Qxd4
28. Rd1 Qxg7 29. Qc5 Qd7 30. Bf1 e5 31. f3 e4 32. fxe4 Rxe4 33. Bg2 b6 34. Qxb6
Re8 35. Qc5 Rd8 36. Bf1 Qe8 37. Bg2 h6 38. Bf1 Kh7 39. Rd2 Rc8 40. Qa7+ Kg8 41.
Qd4 Rd8 42. Qc5 Qd7 43. Qe3 Kh7 44. Bxd3 1/2-1/2

[Event "5th European Individual Chess "]
[Site "Justiniano Hotel Belek, Turke"]
[Date "2004.05.24"]
[Round "9.30"]
[White "Jonkman, Harmen"]
[Black "Esen, Baris"]
[Result "1-0"]
[WhiteElo "2421"]
[BlackElo "2262"]
[PlyCount "133"]
[EventDate "2004.??.??"]

1. e4 Nf6 2. e5 Nd5 3. d4 d6 4. Nf3 Bg4 5. Be2 e6 6. O-O Bxf3 7. Bxf3 dxe5 8.
c4 Nb6 9. Bxb7 exd4 10. Qg4 a5 11. Bxa8 Nxa8 12. Bg5 Qd7 13. Nd2 Nc6 14. Rfe1
Nb6 15. Rad1 Bb4 16. Bh4 Kf8 17. Qe4 Na4 18. Qc2 Nc5 19. Ne4 f5 20. Nxc5 Bxc5
21. Bg3 Kf7 22. Qe2 Bb4 23. Rf1 Bd6 24. f4 Rb8 25. a3 Ne7 26. Rf3 c5 27. b3 h6
28. Be1 Nc6 29. h3 Kg8 30. g4 Re8 31. Bg3 fxg4 32. hxg4 e5 33. fxe5 Nxe5 34.
Rf5 Ng6 35. Qg2 Bxg3 36. Qxg3 Re4 37. Re1 Qe6 38. Rxe4 Qxe4 39. Qf3 Qe1+ 40.
Kh2 Qh4+ 41. Kg1 Qe1+ 42. Kh2 Qh4+ 43. Kg2 Qd8 44. Rd5 Qe7 45. Kf1 a4 46. bxa4
Nh4 47. Qf4 Qb7 48. Qe4 Qf7+ 49. Ke2 Qc7 50. Qe5 Qb6 51. Qe8+ Kh7 52. Qe4+ Ng6
53. g5 Qb2+ 54. Kf3 Qh2 55. Qg4 h5 56. Qg3 Qd2 57. Qf2 Qd3+ 58. Kg2 Qe4+ 59.
Kh2 Ne5 60. Qg2 Ng4+ 61. Kh3 Qd3+ 62. Kh4 Qe3 63. Kxh5 g6+ 64. Kxg4 Qe6+ 65.
Kh4 Qe1+ 66. Kg4 Qe6+ 67. Kg3 1-0